000 00959nam a2200205 i 4500
001 59333
003 ES-MaACL
005 20230906164019.0
007 t|
008 031028s1970 sp a |||| | spa d
245 0 0 _aEnciclopedia de la técnica y de la mecánica /
_cdirección de la obra original, Dr. Ing. Franco Rossi ; dirección de la edición española, D. Juan J. Maluquer Wahl ; traductores, Asunción Amat Alonso, y otros.
260 _aBarcelona :
_b[Nauta,
_c1970]
300 _a7 v. :
_bil. ;
_c31 cm.
505 8 _aContiene: V. I.: Abaco-Automóvil. -- V. II.: Autonomía-Citrato. -- V. III.: Cítrico-Eötvös. -- V. IV.: Epic-Hogar. -- V. V.: Hoja-Ocular. -- V. VI.: Ocultador-Sección. -- V. VII.: Sección central-Zunchado
650 4 _aTecnología-
_vEnciclopedias.
_9143700
700 1 _aMaluquer Wahl, Juan J.
_975884
700 1 _aRossi, Franco.
_9161850
700 1 _aAmat Alonso, Asunción.
_9161851
852 _aES-MaACL
_jC-55036-42
999 _c59333
_d59333